Open Data Biblioteca Nacional de Portugal


República Portuguesa: Ministério da Cultura
Biblioteca Nacional de Portugal

Catálogo da BNP: acesso por Identificadores Unívocos
Registos Bibliográficos associados ao registo de autoridade

Etiqueta de registo: 00254nam 2200025 450
001 2179900
003 http://id.bnportugal.gov.pt/bib/catbnp/2179900
010 ## $a978-989-920-422-5
021 ## $aPT$b533140/24
100 ## $a20240826d2024 m y0pory01030103ba
101 0# $apor
102 ## $aPT
105 ## $ay z 000gy
106 ## $ar
200 1# $aMilhares de palavras$fTim$ged. e apresentação de Jorge Pereirinha Pires
210 #9 $aCoimbra$cMinotauro,$dcop. 2024
215 ## $a228 p.$d22 cm
675 ## $a821.134.3-1"20"$vBN$zpor$31023893
700 #0 $aTim,$cpseud.$31926048
702 #1 $aPires,$bJorge,$f1961-$4340$3104592
801 #0 $aPT$bBN$gRPC
856 41 $uhttp://rnod.bnportugal.gov.pt/ImagesBN/winlibimg.aspx?skey=&doc=2179900&img=198919&save=true
900 ## $aBIBNAC$d20241015
966 ## $lBN$mFGMON$sL. 173162 V.$x1
966 ## $lBN$mFGMON$sL. 173162 V.-D$x1
971 ## $casantos$d20240826
972 ## $e0$z0$d20241015$viquintas
973 ## $cacosta$d20240926
975 ## $e0$d20241017$viraminhos

Etiqueta de registo: 00254nam 2200025 450
001 2284041
003 http://id.bnportugal.gov.pt/bib/catbnp/2284041
010 ## $a978-989-671-999-9
021 ## $aPT$b557001/25
100 ## $a20260410d2026 m y0pory01030103ba
101 0# $apor
102 ## $aPT
105 ## $aa z 000yy
106 ## $ar
200 1# $aLovesong$fÁlvaro Rosendo$gconceito e org. Pedro Falcão, Álvaro Rosendo, Henrique Amaro$gtextos Tim... [et al.]
205 ## $a1ª ed
210 #9 $aLisboa$cTinta-da-China,$d2026
215 ## $a266, [4] p.$cil.$d24 cm
700 #1 $aRosendo,$bÁlvaro$3189480
702 #1 $aFalcão,$bPedro,$f1971-$4340$31050109
702 #1 $aAmaro,$bHenrique,$f1970-$4340$31851604
702 #0 $aTim,$cpseud.$4070$31926048
801 #0 $aPT$bBN$gRPC
966 ## $lBN$mFGMON$x1
966 ## $lBN$mFGMON$x1
971 ## $cabrito$d20260410

OpendataBNP@bnportugal.pt | Mais informação sobre acesso aos dados BNP